000 00362nam a2200145Ia 4500
999 _c14325
_d14325
003 OSt
005 20260210175148.0
008 260210s9999 xx 000 0 und d
020 _a9780727741578
082 _a658.155
100 _aICE Publishing
245 0 _aRisk Analysis And Management For Projects (Ramp), 3Rd Ed. (P/B)
260 _bTTL
942 _cUG
_2ddc